000 00441nam a2200193Ia 4500
005 20240823013242.0
008 240823s9999||||xx |||||||||||||| ||und||
020 _a81-7319-426-2
041 _aENGLISH
082 _A574.191 P2
100 _aVasantha Pattabhi
245 0 _aBIOPHYSICS
250 _a1st
260 _c2002
_b"Narosa, New "
_aNew Delhi
500 _aYES
650 _aPhysics
_bPhysics
942 _cBK
999 _c166712
_d166712